000 00404nam a2200157 a 4500
008 030520s1957||||xx 0 und c
040 _aSNK
_bslo
_cSNK
_eAACR2
100 1 _aRolland, Romain
245 1 0 _aBeethovenov život
250 _a1. vyd.
260 _aBratislava
_bSlovenské vydavateľstvo krásnej literatúry
_c1957
300 _a128 s.
044 _axo
_cSK
041 _aslo
020 _c9,45
999 _c15099
_d15099